| 000 | 00614nam a2200205Ia 4500 | ||
|---|---|---|---|
| 008 | 240729s9999 xx 000 0 und d | ||
| 022 | _a2695-4508 | ||
| 245 | 0 | _aInternational Journal of Racket Sports Science | |
| 260 | _aSpain | ||
| 260 | _bUniversidad de Granada | ||
| 650 | _a Internal medicine | ||
| 650 | _a Recreation. Leisure | ||
| 650 | _a Special situations and conditions | ||
| 650 | _a Sports | Medicine | ||
| 650 | _a Sports medicine | ||
| 650 | _aGeography. Anthropology. Recreation | ||
| 856 | _uhttps://doaj.org/toc/e3625fb3bb0c406ebd06c8353b8a82b1 | ||
| 942 | _2ddc | ||
| 942 | _cDOAJEJ | ||
| 999 |
_c72008 _d72008 |
||
| 945 |
_a1 _bMadushi Gamage _c1 _dMadushi Gamage |
||